00253 a2200109 4500001000700000040003500007100003000042240003000072245002500102300000700127440000900134154491 cEscola São Tomás de Aquino aCRUZ, Therezinha M. L. da10aDescobrindo Caminhoslpor10aDescobrindo Caminhos a48 1aFTD